| 000 | 00598nam a2200157 a 4500 | ||
|---|---|---|---|
| 008 | 120416s1971 ||||||||||||||||| || u | ||
| 050 | _aLB 2805 Gro | ||
| 100 | _aBernstein, Marilyn | ||
| 245 | 1 | 0 | _aImplementing organizational innovations |
| 246 | _aa sociological analysis of planned educational change | ||
| 260 |
_aNew York _bHarper & Row _c1971 |
||
| 300 | _avii, 309p. : ill. | ||
| 350 | _a0.00 | ||
| 700 | _aGross, Neal Crasilneck | ||
| 995 |
_D0.00 _FCBU-MAIN LIBRARY (Kitwe) _H1 _I12.50 _M1 _UAVAILABLE _ZAnnex Low-Usage Collection |
||
| 999 |
_c46433 _d46433 |
||